000 00723nam a2200229 u 4500
005 20240924070612.0
008 171017s2016 r 000 0 eng d
020 _a9786070307546
035 _aUPN01000221055
049 _aCG
050 4 _aBD222
_bF6.6
100 1 _aFoucault, Michel,
_d1926-1984
245 1 3 _aEl origen de la hermenéutica de sí :
_bconferencias de Dartmouth, 1980 /
_cMichel Foucault ; ed. Henri-Paul Fruchaud ; tr. Horacio Pons.
260 _aMéxico :
_bSiglo XXI,
_c2016.
300 _a156 p.
440 0 _aTeoría.
_pFragmentos foucaultianos
650 2 _aSubjetividad
_95009
650 4 _aHermenéutica
_95799
700 1 _aFruchaud, Henri-Paul,
_eed.
905 _aLibro
999 _c193154
_d193154